000 00821nam a2200253Ia 4500
003 OSt
005 20220930092214.0
006 a|||||r|||| 00| 0
007 ta
008 220926b |||||||| |||| 00| 0 eng d
024 _a12542
037 _cTheses
040 _aCRL
_cCRL
_beng
041 _2eng
_aeng
100 _aChandar Kumar
_9548143
110 _aUniversity of Delhi. UCMS & GTB Hospital. Department of Orthopaedics
_9548144
245 0 _aAssessment of symptom interval in musculoskeletal neoplasms
_b A hospital based observation study
260 _c2014
650 _aMEDICINE
700 _a Arora Shobja S Gu.
_9548145
700 _aUniversity of Delhi. UCMS & GTB Hospital. Department of Orthopaedics
_9548146
942 _cDIS
_2CC
999 _c883395
_d883395